[Event "Ambalangoda Dhamso op 8th"]
[Site "Ambalangoda"]
[Date "2018.04.20"]
[Round "3"]
[White "Amarasinghe, AACB"]
[Black "Indusara, MG Janitha"]
[Result "1-0"]
[WhiteElo "1892"]
[BlackElo "1398"]
[PlyCount "76"]
[EventDate "2018.04.19"]
[EventType "swiss"]
[EventRounds "9"]
[EventCountry "SRI"]
[SourceTitle "CBM 184 Extra"]
[Source "ChessBase"]
[SourceDate "2018.06.28"]
[SourceVersion "1"]
[SourceVersionDate "2018.06.28"]
[SourceQuality "1"]

1. e4 c6 2. d3 d5 3. Nd2 dxe4 4. dxe4 g6 5. Ngf3 Bg7 6. Bc4 Nf6 7. 0-0 0-0 8. a4 Qc7 9. c3 Rd8 10. Qb3 e6 11. Re1 Nbd7 12. a5 Nc5 13. Qc2 e5 14. Ng5 Rf8 15. b4 Ncd7 16. Qb3 Nb8 17. Ndf3 h6 18. Nxf7 Rxf7 19. Bxf7+ Qxf7 20. Qxf7+ Kxf7 21. Nxe5+ Kg8 22. Nxg6 Kh7 23. Nh4 Be6 24. f4 Nbd7 25. Bb2 Bc4 26. Rad1 Re8 27. Nf5 Bb3 28. Nxg7 Kxg7 29. Rd2 Kf7 30. g3 Nf8 31. e5 N6d7 32. Rd6 Re6 33. c4 Bxc4 34. f5 Rxd6 35. exd6 Kg8 36. Re4 Bd5 37. Rg4+ Kf7 38. Rg7+ Ke8 1-0